Ravīndra-ratnākara. (Record no. 63923)

MARC details
000 -LEADER
fixed length control field 00598cam a22002291 4500
001 - CONTROL NUMBER
control field sa 65004730
003 - CONTROL NUMBER IDENTIFIER
control field DLC
005 - DATE AND TIME OF LATEST TRANSACTION
control field 20260227112133.0
008 - FIXED-LENGTH DATA ELEMENTS--GENERAL INFORMATION
fixed length control field 890727r19641950ii 000 0 hino
010 ## - LIBRARY OF CONGRESS CONTROL NUMBER
LC control number sa 65004730
035 ## - SYSTEM CONTROL NUMBER
System control number (OCoLC)20078677
040 ## - CATALOGING SOURCE
Original cataloging agency DLC
Transcribing agency WaU
Modifying agency DLC
042 ## - AUTHENTICATION CODE
Authentication code premarc
050 00 - LIBRARY OF CONGRESS CALL NUMBER
Classification number PK1718.T24
Item number R35 1964
100 1# - MAIN ENTRY--PERSONAL NAME
Personal name Tagore, Rabindranath,
Dates associated with a name 1861-1941.
245 10 - TITLE STATEMENT
Title Ravīndra-ratnākara.
260 ## - PUBLICATION, DISTRIBUTION, ETC.
Date of publication, distribution, etc. 1964.
300 ## - PHYSICAL DESCRIPTION
Extent 32, 152 p.
Dimensions 22 cm.
500 ## - GENERAL NOTE
General note In Hindi.
500 ## - GENERAL NOTE
General note First Hindi ed. published in 1950.
700 1# - ADDED ENTRY--PERSONAL NAME
Personal name Gupta, Raghuvansh Lal,
Dates associated with a name 1904-

No items available.

Powered by Koha